| 000 | 00647nam a22002057a 4500 | ||
|---|---|---|---|
| 999 |
_c169570 _d169570 |
||
| 005 | 20191125132355.0 | ||
| 010 | _aENG-127006 | ||
| 020 |
_a9788186772461 _c995.00 |
||
| 035 | _aEN-110538 | ||
| 037 | _bDBAD/PUB | ||
| 082 | _a320 | ||
| 100 | _aVER | ||
| 245 |
_aGlobal extension systems : _cby Mithilesh Verma [and] Sangeeta Gupta _ba text book / |
||
| 260 |
_aNew Delhi _c2012 _bNew Academic Publishers |
||
| 270 |
_a4760-61, 23, Ansari Road, Daryaganj, _bNew Delhi _e110002 |
||
| 300 |
_axv; 274p. _c21cm(Hb) |
||
| 500 | _aIncludes bibliographical references | ||
| 700 | _aGupta, Sangeeta | ||
| 942 |
_2ddc _cEN _h320 _mVER |
||